Detalles MARC
| 000 -LEADER |
| campo de control de longitud fija |
02243nam a2200397 i 4500 |
| 001 - NÚMERO DE CONTROL |
| campo de control |
193314 |
| 003 - IDENTIFICADOR DE NÚMERO DE CONTROL |
| campo de control |
SpMaBN |
| 005 - FECHA Y HORA DE LA ÚLTIMA TRANSACCIÓN |
| campo de control |
20250709194351.0 |
| 007 - CAMPO FIJO DE DESCRIPCIÓN FÍSICA--INFORMACIÓN GENERAL |
| campo de control de longitud fija |
ta |
| 008 - DATOS DE LONGITUD FIJA--INFORMACIÓN GENERAL |
| campo de control de longitud fija |
231102s1999 sp | ||| ||spa |
| 016 7# - NÚMERO DE CONTROL DE UNA AGENCIA BIBLIOGRÁFICA NACIONAL |
| Número de control del registro |
bimoBNE20000845568 |
| Fuente |
SpMaBN |
| 017 ## - NÚMERO DE COPYRIGHT O DE DEPÓSITO LEGAL |
| Número de copyright o de depósito legal |
B 48619-1999 |
| Agencia que asigna |
Oficina Depósito Legal Barcelona |
| 020 ## - NÚMERO INTERNACIONAL ESTÁNDAR DEL LIBRO |
| Número Internacional Estándar del Libro |
8401327938 |
| 035 ## - NÚMERO DE CONTROL DEL SISTEMA |
| Número de control de sistema |
(OCoLC)433160173 |
| 035 ## - NÚMERO DE CONTROL DEL SISTEMA |
| Número de control de sistema |
bimo0001503730 |
| 040 ## - FUENTE DE CATALOGACIÓN |
| Centro catalogador/agencia de origen |
SpMaBN |
| Lengua de catalogación |
spa |
| Centro/agencia transcriptor |
SpMaBN |
| Normas de descripción |
rdc |
| Centro/agencia modificador |
ES-MaACL |
| 080 ## - NÚMERO DE LA CLASIFICACIÓN DECIMAL UNIVERSAL |
| Número de la Clasificación Decimal Universal |
821.134.2-31"19" |
| 100 1# - ENTRADA PRINCIPAL--NOMBRE DE PERSONA |
| Nombre de persona |
Pérez Henares, Antonio, |
| Fechas asociadas al nombre |
1953- |
| Número de control del registro de autoridad o número normalizado |
XX1067255 |
| Término indicativo de función/relación |
Autor |
| 9 (RLIN) |
138463 |
| 245 10 - MENCIÓN DEL TÍTULO |
| Título |
Nublares : |
| Resto del título |
[una aventura de naturaleza, poder y sexo en la prehistoria peninsular] / |
| Mención de responsabilidad, etc. |
Antonio Pérez Henares |
| 250 ## - MENCION DE EDICION |
| Mención de edición |
Primera edición: enero, 2000 |
| 260 ## - PUBLICACIÓN, DISTRIBUCIÓN, ETC. |
| Lugar de publicación, distribución, etc. |
Barcelona : |
| Nombre del editor, distribuidor, etc. |
Plaza & Janés, |
| Fecha de publicación, distribución, etc. |
2000. |
| 300 ## - DESCRIPCIÓN FÍSICA |
| Extensión |
270 páginas ; |
| Dimensiones |
24 cm |
| 336 ## - TIPO DE CONTENIDO |
| Fuente |
rdacontent |
| Término de tipo de contenido |
Texto |
| 337 ## - TIPO DE MEDIO |
| Fuente |
rdamedia |
| Nombre/término del tipo de medio |
sin mediación |
| 338 ## - TIPO DE SOPORTE |
| Fuente |
rdacarrier |
| Nombre/término del tipo de soporte |
volumen |
| 500 ## - NOTA GENERAL |
| Nota general |
Primer libro de la saga prehistórica. |
| 520 ## - RESUMEN, ETC. |
| Sumario, etc. |
Nublares es un clan primitivo que ha formado una sociedad a pequeña escala, jerarquizada y con sus propias reglas. El protagonista, Ojo Largo, es uno de los jóvenes más destacados del clan: valeroso física e intelectualmente, es demasiado independiente y no acepta fácilmente las reglas. La lucha con la naturaleza, la iniciación a la vida, la pasión y el deseo que Ojo Largo siente por Mirlo, la mujer del brujo, trazan una novela de aventuras en la que están presentes nuestros valores ancestrales. Cuando sobre la tierra las pasiones de los hombres eran como sus propios miedos, en medio de una naturaleza hostil, la aventura de vivir se mostraba en toda su cruda realidad. |
| 655 #7 - TERMINO DE INDIZACIÓN--GENERO/FORMA |
| Datos o término principal de género/forma |
Novelas históricas |
| Fuente del término |
tgfbne |
| 9 (RLIN) |
226782 |
| 852 ## - LOCALIZACIÓN |
| Ubicación |
ES-MaACL |
| itemnumber |
200757 |
| Número de control de estantería |
N-9515 |
| Sublocalización o colección |
R.154736 |
| Ubicación en estantería |
Depósito J |
| Donativo/Legado |
Donación: Antonio Pérez Henares |
| Anotaciones manuscritas |
Dedicatoria autógrafa del autor |
| Encuadernación |
Encuadernación cartoné con sobrecubiertas |
| 903 ## - NOMBRE PERSONAL DE DONANTE |
| a |
Pérez Henares, Antonio, |
| d |
1953- |
| e |
Donante |
| 9 |
138463 |
| 942 ## - ELEMENTOS DE ENTRADA SECUNDARIOS (KOHA) |
| Suprimir en OPAC |
No |
| Tipo de ítem Koha |
Libro impreso |